00423nam a2200121Ia 4500008004100000245006600041245003300107260000900140650001200149856004800161999001900209952007300228171204s9999 xx 000 0 und d aPeace in Motion: John Dewey and the Aesthetics of Well-Being: cEric Evans and Yoram Lubling c2016 xHistory uhttp://down.ebook777.com/063/1433121239.pdf c345534d345534 001040aCLbCLd2017-12-04l0r2017-12-04 00:00:00w2017-12-04yCBE